Detalles MARC
| 000 -CABECERA |
| campo de control de longitud fija |
01025nam a2200265 a 4500 |
| 001 - NÚMERO DE CONTROL |
| campo de control |
000009339 |
| 005 - FECHA Y HORA DE LA ÚLTIMA TRANSACCIÓN |
| campo de control |
20240307073945.0 |
| 008 - DATOS DE LONGITUD FIJA--INFORMACIÓN GENERAL |
| campo de control de longitud fija |
090929s1985 dr ad 000 0 spa d |
| 040 ## - FUENTE DE LA CATALOGACIÓN |
| Centro catalogador/agencia de origen |
DO-SdBNP |
| Lengua de catalogación |
spa |
| Centro/agencia transcriptor |
BNPHU |
| 082 ## - NÚMERO DE LA CLASIFICACIÓN DECIMAL DEWEY |
| Número de clasificación |
616.921 |
| Número de documento/Ítem |
D392h |
| 049 ## - FONDOS LOCALES (OCLC) |
| Fondos de biblioteca |
BNPD |
| 245 00 - MENCIÓN DE TÍTULO |
| Título |
Dengue hemorrágico en el niño / |
| Mención de responsabilidad, etc. |
editado por Eric Martínez Torres ... [et.al.]. |
| 260 ## - PUBLICACIÓN, DISTRIBUCIÓN, ETC. |
| Lugar de publicación, distribución, etc. |
Santo Domingo : |
| Nombre del editor, distribuidor, etc. |
UASD, |
| Fecha de publicación, distribución, etc. |
1985. |
| 300 ## - DESCRIPCIÓN FÍSICA |
| Extensión |
223 p. : |
| Otras características físicas |
il., diagr. ; |
| Dimensiones |
21 cm. |
| 490 1# - MENCIÓN DE SERIE |
| Mención de serie |
Publicaciones de la Universidad Autónoma de Santo Domingo |
| Designación de volumen o secuencia |
459 |
| 504 ## - NOTA DE BIBLIOGRAFÍA, ETC. |
| Nota de bibliografía, etc. |
Bibliografías [p. 223] |
| 504 ## - NOTA DE BIBLIOGRAFÍA, ETC. |
| Nota de bibliografía, etc. |
Incluye referencias bibliográficas y notas al pie de las páginas |
| 650 #4 - PUNTO DE ACCESO ADICIONAL DE MATERIA--TÉRMINO DE MATERIA |
| Término de materia o nombre geográfico como elemento de entrada |
Dengue |
| Subdivisión geográfica |
Cuba |
| 9 (RLIN) |
24097 |
| 700 1# - PUNTO DE ACCESO ADICIONAL--NOMBRE DE PERSONA |
| Nombre de persona |
Martínez Torres, Eric, |
| Término indicativo de función/relación |
ed. |
| 9 (RLIN) |
24098 |
| 700 1# - PUNTO DE ACCESO ADICIONAL--NOMBRE DE PERSONA |
| Nombre de persona |
Dotres Martínez, Carlos, |
| Término indicativo de función/relación |
ed. |
| 9 (RLIN) |
24099 |
| 700 1# - PUNTO DE ACCESO ADICIONAL--NOMBRE DE PERSONA |
| Nombre de persona |
Guzmán, Guadalupe, |
| Término indicativo de función/relación |
ed. |
| 9 (RLIN) |
24100 |
| 700 1# - PUNTO DE ACCESO ADICIONAL--NOMBRE DE PERSONA |
| Nombre de persona |
Kouri, Gustavo, |
| Término indicativo de función/relación |
ed. |
| 9 (RLIN) |
24101 |
| 710 1# - PUNTO DE ACCESO ADICIONAL--NOMBRE DE ENTIDAD CORPORATIVA |
| Nombre de entidad corporativa o nombre de jurisdicción como elemento de entrada |
Universidad Autónoma de Santo Domingo |
| 9 (RLIN) |
72951 |
| 830 #0 - PUNTO DE ACCESO ADICIONAL DE SERIE-TÍTULO UNIFORME |
| Título uniforme |
Publicaciones de la Universidad Autónoma de Santo Domingo |
| Número de parte o sección de la obra |
459 |
| 9 (RLIN) |
24102 |